Architekt Alexander Skutecký 1883 - 1944 /
Salvato in:
| Autore principale: | |
|---|---|
| Natura: | Libro |
| Lingua: | slovacco inglese |
| Pubblicazione: |
Banská Bystrica :
Stredoslovenská galéria,
2019
|
| Edizione: | 1. vydanie |
| Serie: | Osobnosti slovenskej fotografie
|
| Soggetti: | |
| Tags: |
Nessun Tag, puoi essere il primo ad aggiungerne!!
|
MARC
| LEADER | 00000nam a22000003a 4500 | ||
|---|---|---|---|
| 001 | 0089510 | ||
| 003 | SK-STU | ||
| 005 | 20210715104133.3 | ||
| 007 | ta | ||
| 008 | 210715s ----xo-----e------000-0-----d | ||
| 020 | |a 978-80-88681-83-0 | ||
| 040 | |a STU |b slo | ||
| 041 | 0 | |a slo |a eng | |
| 044 | |a xo | ||
| 100 | 1 | |a Kubičková, Klára |4 aut | |
| 245 | 1 | 0 | |a Architekt Alexander Skutecký 1883 - 1944 / |c aut. Klára Kubičková |
| 250 | |a 1. vydanie | ||
| 260 | |a Banská Bystrica : |b Stredoslovenská galéria, |c 2019 | ||
| 300 | |a 95 s. | ||
| 490 | 0 | |a Osobnosti slovenskej fotografie | |
| 650 | 0 | 7 | |a architekti slovenskí |
| 650 | 0 | 7 | |a architektúra slovenská |
| 650 | 0 | 7 | |a vily |
| 650 | 0 | 7 | |a Bratislava |
| 650 | 0 | 7 | |a Košice |
| 650 | 0 | 7 | |a návrhy súťažné |
| 650 | 0 | 7 | |a život a dielo |
| 650 | 0 | 7 | |a 20. storočie |
| 996 | |b 284AU08840 |c A* 12120/U |l AAKNST |s P |a 0 |w 0089510_0001 | ||
| 996 | |b 284AU08841 |c A* 12121/U |l AAKNAR |s A |a 24 |w 0089510_0002 | ||